00847nam a2200277Ia 4500001000700000003000500007008004100012010001100053020001800064040000900082082001500091100003300106245013200139250001100271260004100282300001000323503001400333650004700347901001500394902000600409910000900415942000600424942000700430999001900437952011300456Z_4856CHAP220113s1999 xx 000 0 und d a167910 a968-18-4752-0 cCHAP a001.42 T36 aTamayo Tamayo, Mario9139353 aEl proceso de la investigación científica : incluye glosario y manual de evaluación de proyectos /cMario Tamayo Tamayo a3a ed. aMéxico :bLimusa . Noriega,c1999 a231p. aej.1: C/E aInvestigación xx Metodología9138250 a001.42 T36 aM a1999 c1 cc1 c167910d167910 00102ddc4051708GRALaZbZd2005-11-09o001.42 T36pz_4647r2022-01-18 00:00:00tEj.1w2022-01-18yLIBRO